The role of technology in iron and steel development
Gespeichert in:
| Format: | Buch |
|---|---|
| Sprache: | Undetermined |
| Veröffentlicht: |
Paris
Organisation For Economic Cooperation And Development
1989
|
| Schlagworte: | |
| Tags: |
Tag hinzufügen
Keine Tags, Fügen Sie den ersten Tag hinzu!
|
| Thư viện lưu trữ: | Trung tâm Học liệu Trường Đại học Cần Thơ |
|---|
| LEADER | 00503nam a2200157Ia 4500 | ||
|---|---|---|---|
| 001 | CTU_80831 | ||
| 008 | 210402s9999 xx 000 0 und d | ||
| 082 | |a 669 | ||
| 082 | |b R745 | ||
| 245 | 4 | |a The role of technology in iron and steel development | |
| 260 | |a Paris | ||
| 260 | |b Organisation For Economic Cooperation And Development | ||
| 260 | |c 1989 | ||
| 650 | |a Iron industry and trade,Technological innovations | ||
| 904 | |i Trọng Hải | ||
| 980 | |a Trung tâm Học liệu Trường Đại học Cần Thơ | ||